=LDR 00000nam 2200000 4500 =001 INLIS000000000017432 =005 20130612112634 =008 ***********************************Ind** =035 ##$$0010-061300000017432 =041 ##$$a Ind =082 ##$$a 571.6 =090 ##$$a 571.6, Juw b =100 ##$$a Juwono =245 ##$$a Biologi sel, Dr. Juwono =260 ##$$a 2002 $b Jakarta =300 ##$$a viii, 98 hlm, 24 cm =650 ##$$a Sel, Biologi =700 ##$$a Juniarto, Ahmad Zulfa =850 ##$$a NBPNMAT =990 ##$$a 0001/BPAP-NTB/2016